Si lu wen wu bei dao ji /
丝路文物被盗记 /
Saved in:
| Main Author: | |
|---|---|
| Format: | Book |
| Language: | Chinese |
| Published: |
[Peking] :
Xin hua chu ban she : Xin hua shu dian Beijing fa xing suo fa xing,
1984.
|
| Edition: | Di 1 ban. |
| Subjects: |
| LEADER | 01521cam a2200373 a 4500 | ||
|---|---|---|---|
| 001 | c000396115 | ||
| 003 | CARM | ||
| 005 | 20140218104549.0 | ||
| 008 | 140218s1984 cc a b 000 1 chi d | ||
| 010 | |a 85235236 | ||
| 019 | 1 | |a 15496473 |z .b19750857 |z 15797939 |5 LACONCORD2021 | |
| 020 | |c RMBY0.62 | ||
| 035 | |a (OCoLC)15418593 |5 LACONCORD2021 | ||
| 040 | |a DLC-R |c DLC-R |d CStRLIN |d DLC |d ANL | ||
| 050 | 0 | 0 | |a PL2880.U1994 |b S68 1984 |
| 082 | 0 | 4 | |a 895.135 |2 23 |
| 100 | 1 | |6 880-01 |a Lu, Yan. | |
| 242 | 1 | 0 | |a Tale of the stolen Silk Road relics |y eng |
| 245 | 1 | 0 | |6 880-02 |a Si lu wen wu bei dao ji / |c Lu Yan zhu ; [cha tu Luo Hong, Guo Yuqun]. |
| 250 | |6 880-03 |a Di 1 ban. | ||
| 260 | |6 880-04 |a [Peking] : |b Xin hua chu ban she : |b Xin hua shu dian Beijing fa xing suo fa xing, |c 1984. | ||
| 300 | |a 150 p. : |b ill. ; |c 19 cm. | ||
| 500 | |a Chinese adventure fiction. | ||
| 504 | |a Includes bibliographical references. | ||
| 651 | 0 | |a Silk Road |v Fiction. | |
| 880 | 1 | |6 100-01 |a 卢燕. | |
| 880 | 1 | 0 | |6 245-02 |a 丝路文物被盗记 / |c 卢燕著 ; [插图罗洪, 郭予群]. |
| 880 | |6 250-03 |a 第1版. | ||
| 880 | |6 260-04 |a [Peking] : |b 新华出版社 : |b 新华书店北京行所行, |c 1984. | ||
| 852 | 8 | |b CARM |p 0557887 |f BK | |
| 852 | 8 | |b SCAN |h A3:AE29G0 |i A05792 |p 0557887 |f BK | |
| 999 | f | f | |i 70a49a83-d049-5b51-9ea1-3b3117b203bf |s fa8dd7ab-866b-5ad4-8322-8eaf4c595653 |
| 952 | f | f | |p Can circulate |a CAVAL |b CAVAL |c CAVAL |d CARM 1 Store |i book |m 0557887 |
| 952 | f | f | |a CAVAL |b CAVAL |c CAVAL |d Unmapped Location |e A05792 |f A3:AE29G0 |h Other scheme |